000 00294nam a2200121Ia 4500
008 190216s9999||||xx |||||||||||||| ||und||
100 _aBhagavathi Sharan Misra
245 0 _aHindi-Bhudhidatha Ganesh
260 _bTaiternd Publications
_c2012
300 _a224
650 _aHindi
942 _cBK
999 _c16864
_d16864